Tested by fire / (Record no. 485)
[ view plain ]
| 000 -LEADER | |
|---|---|
| fixed length control field | 00838cam a2200265 a 4500 |
| 001 - CONTROL NUMBER | |
| control field | 3415250 |
| 003 - CONTROL NUMBER IDENTIFIER | |
| control field | OSt |
| 005 - DATE AND TIME OF LATEST TRANSACTION | |
| control field | 20190909131704.0 |
| 008 - FIXED-LENGTH DATA ELEMENTS--GENERAL INFORMATION | |
| fixed length control field | 901113r19911977nju 000 0 eng |
| 010 ## - LIBRARY OF CONGRESS CONTROL NUMBER | |
| LC control number | 90024666 |
| 040 ## - CATALOGING SOURCE | |
| Original cataloging agency | DLC |
| Transcribing agency | DLC |
| Modifying agency | DLC |
| 050 00 - LIBRARY OF CONGRESS CALL NUMBER | |
| Classification number | BT940 |
| Item number | .K76 1991 |
| 082 00 - DEWEY DECIMAL CLASSIFICATION NUMBER | |
| Classification number | 234 |
| Edition number | 20 |
| Item number | K934T |
| 100 1# - MAIN ENTRY--PERSONAL NAME | |
| Personal name | Kroll, Woodrow Michael, |
| Dates associated with a name | 1944- |
| 240 10 - UNIFORM TITLE | |
| Uniform title | It will be worth it all |
| 245 10 - TITLE STATEMENT | |
| Title | Tested by fire / |
| Statement of responsibility, etc. | Woodrow Michael Kroll. |
| 260 ## - PUBLICATION, DISTRIBUTION, ETC. | |
| Place of publication, distribution, etc. | Neptune, N.J. : |
| Name of publisher, distributor, etc. | Loizeaux Bros., |
| Date of publication, distribution, etc. | [1991], c1977. |
| 300 ## - PHYSICAL DESCRIPTION | |
| Extent | 123 p. ; |
| Dimensions | 21 cm. |
| 500 ## - GENERAL NOTE | |
| General note | Previously published as: It will be worth it all. 1st ed. 1977. |
| 650 #0 - SUBJECT ADDED ENTRY--TOPICAL TERM | |
| Topical term or geographic name entry element | Reward (Theology) |
| 650 #0 - SUBJECT ADDED ENTRY--TOPICAL TERM | |
| Topical term or geographic name entry element | Salvation. |
| 906 ## - LOCAL DATA ELEMENT F, LDF (RLIN) | |
| a | 7 |
| b | cbu |
| c | orignew |
| d | 1 |
| e | ocip |
| f | 19 |
| g | y-gencatlg |
| 942 ## - ADDED ENTRY ELEMENTS (KOHA) | |
| Source of classification or shelving scheme | Dewey Decimal Classification |
| Koha item type | Books |
| Withdrawn status | Lost status | Source of classification or shelving scheme | Damaged status | Not for loan | Home library | Current library | Date acquired | Total Checkouts | Full call number | Barcode | Date last seen | Price effective from | Koha item type |
|---|---|---|---|---|---|---|---|---|---|---|---|---|---|
| Dewey Decimal Classification | Harvest Mission College | Harvest Mission College | 09.09.2019 | 234 K934T | 003400 | 09.09.2019 | 09.09.2019 | Books |
